000 00462cam a2200193ua 4500
001 2158
005 20260515113443.0
008 110804n ii |||gr||||Z||||||asm
040 _cMAIN
082 _a370
100 _aSharma, Mukul Kr, ,
245 1 _aSiksha (H. S. 2nd yr.)
_cby Mukul Kr. Sharma
250 _a4th.
260 _aDibrugarh:
_bStudents emporium,998.
300 _a204p:
_bill;
_c23cm.
653 _aEducation
653 _aSiksha
942 _cBK
999 _c2024
_d2024